Look wide 1 / (Registro nro. 695)
[ vista simple ]
| 000 -LEADER | |
|---|---|
| fixed length control field | 00944nam a2200277 a 4500 |
| 001 - CONTROL NUMBER | |
| control field | 001556749 |
| 003 - CONTROL NUMBER IDENTIFIER | |
| control field | AR-RoUNCS |
| 005 - DATE AND TIME OF LATEST TRANSACTION | |
| control field | 20251107104034.0 |
| 008 - FIXED-LENGTH DATA ELEMENTS--GENERAL INFORMATION | |
| fixed length control field | 220523s2018 ag ao jr 001 0 eng | |
| 020 ## - INTERNATIONAL STANDARD BOOK NUMBER | |
| International Standard Book Number | 978-987-615-457-4 |
| 040 ## - CATALOGING SOURCE | |
| Original cataloging agency | AR-BaBN |
| Language of cataloging | spa |
| Transcribing agency | AR-RoUNCS |
| Description conventions | aacr |
| 080 1# - UNIVERSAL DECIMAL CLASSIFICATION NUMBER | |
| Universal Decimal Classification number | 811.111(07) |
| Edition identifier | 2016 |
| 245 00 - TITLE STATEMENT | |
| Title | Look wide 1 / |
| Statement of responsibility, etc. | Bob Hastings ... [et al.]. |
| 250 ## - EDITION STATEMENT | |
| Edition statement | [1a ed.]. |
| 260 ## - PUBLICATION, DISTRIBUTION, ETC. | |
| Place of publication, distribution, etc. | Ciudad Autónoma de Buenos Aires : |
| Name of publisher, distributor, etc. | Pearson Education, |
| Date of publication, distribution, etc. | 2018. |
| 300 ## - PHYSICAL DESCRIPTION | |
| Extent | 111 p. : |
| Other physical details | il. col., fot. col. ; |
| Dimensions | 30 cm. |
| 490 0# - SERIES STATEMENT | |
| Series statement | Global Scale of English |
| 500 ## - GENERAL NOTE | |
| General note | En tapa: «Interactive digital book free». |
| 500 ## - GENERAL NOTE | |
| General note | En portada: "Student's book + workbook". |
| 521 2# - TARGET AUDIENCE NOTE | |
| Target audience note | Destinado a estudiantes de nivel secundario. |
| 650 #4 - SUBJECT ADDED ENTRY--TOPICAL TERM | |
| Topical term or geographic name entry element | INGLÉS |
| Form subdivision | LIBLOS DE TEXTO |
| General subdivision | ENSEÑANZA SECUNDARIA |
| 655 #4 - INDEX TERM--GENRE/FORM | |
| Genre/form data or focus term | LIBROS DE TEXTO |
| 700 1# - ADDED ENTRY--PERSONAL NAME | |
| Personal name | Hastings, Bob |
| Relator term | autor |
| 751 ## - ADDED ENTRY-GEOGRAPHIC NAME | |
| Geographic name | Buenos Aires |
| Relator term | lugar de publicación |
| Relationship | pup |
| 942 ## - ADDED ENTRY ELEMENTS (KOHA) | |
| Source of classification or shelving scheme | Universal Decimal Classification |
| Koha item type | Obra General |
| Suppress in OPAC | No |
| Withdrawn status | Lost status | Source of classification or shelving scheme | Damaged status | Not for loan | Collection | Home library | Current library | Date acquired | Source of acquisition | Total checkouts | Full call number | Barcode | Date last seen | Price effective from | Koha item type |
|---|---|---|---|---|---|---|---|---|---|---|---|---|---|---|---|
| Universal Decimal Classification | Colección General | Biblioteca Escuela de Ciencias Sociales | Biblioteca Escuela de Ciencias Sociales | 07/11/2025 | Compra 2023 | 811.111(07) L863 | 000815 | 07/11/2025 | 07/11/2025 | Obra General |